| 000 | 00690nam a2200193 i 4500 | ||
|---|---|---|---|
| 001 | 109211 | ||
| 003 | ES-MaACL | ||
| 005 | 20230906184811.0 | ||
| 007 | t| | ||
| 008 | 061121s1946 sp a |||| | spa d | ||
| 100 | 1 |
_aMüller, Erich. _9165920 |
|
| 245 | 1 | 0 |
_aManual práctico de electroquímica / _cpor el Dr. Ing. Erich Müller... ; con un prólogo del Dr. Ing. Fritz Foerster. |
| 250 | _a2ª ed. española traducida de la sexta... alemana, por el Prof. Dr. Carlos del Fresno. | ||
| 260 |
_aBarcelona : _bManuel Marín, _c1946. |
||
| 300 |
_aXV, 272 p. : _bil. ; _c25 cm. |
||
| 650 | 0 | 4 |
_aElectroquímica. _912168 |
| 700 | 1 |
_aFresno, Carlos del. _952534 |
|
| 852 |
_aES-MaACL _jB-10363 |
||
| 999 |
_c109211 _d109211 |
||